000 00319nam a22001337a 4500
008 181019b xxu||||| |||| 00| 0 eng d
020 _a9781480084780
041 _aeng
080 _a631
100 _a43
101 _aFIZ
245 _aUniversity Physics Electricity And Magnetism
_cSamullah.M
942 _2udc
_cBK
999 _c50184
_d50184